Detalles MARC
| 000 -CABECERA |
| Campo de control |
01519nam a22004697a 4500 |
| 005 - FECHA Y HORA DE LA ULTIMA TRANSACCION |
| Campo de control |
20191224042334.0 |
| 008 - ELEMENTOS DE LONGITUD FIJA—INFORMACION GENERAL |
| Campo de control |
170908b2005 ck ||||| |||| 00| 0 spa d |
| 020 ## - ISBN |
| ISBN |
9589328598 |
| 040 ## - FUENTE DE CATALOGACIÓN |
| Agencia catalogadora original |
CO-BoIAVH |
| Agencia transcriptora |
CO-BoIAVH |
| 041 ## - IDIOMA |
| Código de idioma para texto/pista de sonido o título separado |
Español |
| 044 ## - PAÍS DE PUBLICACIÓN |
| País de publicación |
Colombia |
| 082 ## - NUMERO DE CLASIFICACION DECIMAL DEWEY |
| Número de clasificación |
338.1 |
| Número del ítem |
M66l |
| 110 ## - ASIENTO PRINCIPAL--NOMBRE CORPORATIVO |
| Nombre corporativo o de jurisdicción como elemento de entrada |
Ministerio de Agricultura y Desarrollo Rural |
| 9 (RLIN) |
84191 |
| 245 14 - MENCION DE TITULO |
| Título |
La competitividad de las cadenas agroproductivas en Colombia: |
| Parte restante del título |
análisis de su estructura y dinámica (1991-2004) |
| 260 ## - PUBLICACION, DISTRIBUCION, ETC. (PIE DE IMPRENTA) |
| Lugar de publicación, distribución, etc. |
Bogotá: |
| Nombre del editor, distribuidor, etc. |
Ministerio de Agricultura y Desarrollo Rural, |
| Fecha de publicación, distribución, etc. |
2004. |
| 300 ## - DESCRIPCION FISICA |
| Extensión |
939. páginas |
| Otros detalles físicos |
tablas, graficas |
| Dimensiones |
26 x 20 |
| 650 14 - ASIENTO SECUNDARIO DE MATERIA - TERMINO TEMATICO |
| Término temático o nombre geográfico como elemento de entrada |
Estructura |
| Subdivisión de forma |
Cadena de valor |
| 9 (RLIN) |
84192 |
| 650 14 - ASIENTO SECUNDARIO DE MATERIA - TERMINO TEMATICO |
| Término temático o nombre geográfico como elemento de entrada |
Producción alimento |
| Subdivisión de forma |
Animales |
| 9 (RLIN) |
84193 |
| 650 14 - ASIENTO SECUNDARIO DE MATERIA - TERMINO TEMATICO |
| Término temático o nombre geográfico como elemento de entrada |
Materias primas |
| Subdivisión de forma |
Origen agrícola |
| 9 (RLIN) |
84194 |
| 650 14 - ASIENTO SECUNDARIO DE MATERIA - TERMINO TEMATICO |
| Término temático o nombre geográfico como elemento de entrada |
Arroz |
| 9 (RLIN) |
84195 |
| 650 14 - ASIENTO SECUNDARIO DE MATERIA - TERMINO TEMATICO |
| Término temático o nombre geográfico como elemento de entrada |
Algodón |
| 9 (RLIN) |
84196 |
| 650 14 - ASIENTO SECUNDARIO DE MATERIA - TERMINO TEMATICO |
| Término temático o nombre geográfico como elemento de entrada |
Papa |
| 9 (RLIN) |
5203 |
| 650 14 - ASIENTO SECUNDARIO DE MATERIA - TERMINO TEMATICO |
| Término temático o nombre geográfico como elemento de entrada |
Tabaco |
| 9 (RLIN) |
84198 |
| 650 14 - ASIENTO SECUNDARIO DE MATERIA - TERMINO TEMATICO |
| Término temático o nombre geográfico como elemento de entrada |
Azucar |
| 9 (RLIN) |
84199 |
| 650 14 - ASIENTO SECUNDARIO DE MATERIA - TERMINO TEMATICO |
| Término temático o nombre geográfico como elemento de entrada |
Cacao |
| 9 (RLIN) |
12407 |
| 650 14 - ASIENTO SECUNDARIO DE MATERIA - TERMINO TEMATICO |
| Término temático o nombre geográfico como elemento de entrada |
Panela |
| 9 (RLIN) |
84200 |
| 650 14 - ASIENTO SECUNDARIO DE MATERIA - TERMINO TEMATICO |
| Término temático o nombre geográfico como elemento de entrada |
Cafe |
| 9 (RLIN) |
84201 |
| 650 14 - ASIENTO SECUNDARIO DE MATERIA - TERMINO TEMATICO |
| Término temático o nombre geográfico como elemento de entrada |
Banano |
| 9 (RLIN) |
71025 |
| 650 14 - ASIENTO SECUNDARIO DE MATERIA - TERMINO TEMATICO |
| Término temático o nombre geográfico como elemento de entrada |
Platano |
| 9 (RLIN) |
84202 |
| 650 14 - ASIENTO SECUNDARIO DE MATERIA - TERMINO TEMATICO |
| Término temático o nombre geográfico como elemento de entrada |
Oleaginosas |
| 9 (RLIN) |
84203 |
| 650 14 - ASIENTO SECUNDARIO DE MATERIA - TERMINO TEMATICO |
| Término temático o nombre geográfico como elemento de entrada |
Caucho |
| 9 (RLIN) |
84204 |
| 650 14 - ASIENTO SECUNDARIO DE MATERIA - TERMINO TEMATICO |
| Término temático o nombre geográfico como elemento de entrada |
Cadena foresta y madera |
| 9 (RLIN) |
84205 |
| 650 14 - ASIENTO SECUNDARIO DE MATERIA - TERMINO TEMATICO |
| Término temático o nombre geográfico como elemento de entrada |
Guadua |
| 9 (RLIN) |
84206 |
| 650 14 - ASIENTO SECUNDARIO DE MATERIA - TERMINO TEMATICO |
| Término temático o nombre geográfico como elemento de entrada |
Citricos |
| 9 (RLIN) |
84207 |
| 650 14 - ASIENTO SECUNDARIO DE MATERIA - TERMINO TEMATICO |
| Término temático o nombre geográfico como elemento de entrada |
Cultivos ecológicos |
| 9 (RLIN) |
84208 |
| 650 14 - ASIENTO SECUNDARIO DE MATERIA - TERMINO TEMATICO |
| Término temático o nombre geográfico como elemento de entrada |
Frutales de exportación |
| Subdivisión de forma |
Atun |
| 9 (RLIN) |
84209 |
| 650 14 - ASIENTO SECUNDARIO DE MATERIA - TERMINO TEMATICO |
| Término temático o nombre geográfico como elemento de entrada |
Camarón de cultivo |
| 9 (RLIN) |
84210 |
| 650 14 - ASIENTO SECUNDARIO DE MATERIA - TERMINO TEMATICO |
| Término temático o nombre geográfico como elemento de entrada |
Camarón de pesca |
| 9 (RLIN) |
84211 |
| 650 14 - ASIENTO SECUNDARIO DE MATERIA - TERMINO TEMATICO |
| Término temático o nombre geográfico como elemento de entrada |
Piscicultura |
| 9 (RLIN) |
96871 |
| 650 14 - ASIENTO SECUNDARIO DE MATERIA - TERMINO TEMATICO |
| Término temático o nombre geográfico como elemento de entrada |
Carne bovina |
| 9 (RLIN) |
84213 |
| 942 ## - ELEMENTOS ADICIONALES (KOHA) |
| Sistema de clasificación |
Dewey Decimal Classification |
| Tipo de ítem |
Libro |